| 000 | 00637nam a2200169 a 4500 | ||
|---|---|---|---|
| 001 | 000040063 | ||
| 005 | 20201002033909.0 | ||
| 008 | 130805s1995 sp ag 000 0 spa d | ||
| 020 | _a8478202528 | ||
| 040 |
_aDO-SdBNP _bspa _cBNPHU |
||
| 100 | 1 |
_aZapke, Susana _966319 |
|
| 245 | 1 | 3 |
_aEl antifonario de San Juan de la Peña : _bsiglo X-XI, estudio litúrgico-musical del rito hispanico / _cSunana Zapke. |
| 260 |
_aZaragoza : _bInstitución Fernando el Católica, _c1995. |
||
| 300 |
_a200 p. : _bil., música ; _c32 cm. |
||
| 504 | _aIncluye referencia bibliográfica y notas al pie de las páginas | ||
| 504 | _aBibliografía : p. 195-200 | ||
| 999 |
_c39553 _d39553 |
||